La Intervenció pública en el desenvolupament econòmic local
Descripción Física:
65 p. ; 30 cm
MARC
| LEADER | 00000nam a2200000Ia 4500 | ||
|---|---|---|---|
| 001 | 8965 | ||
| 008 | 160829s1989 xx 000 0 cat d | ||
| 080 | |a M-1-96 | ||
| 245 | |a La Intervenció pública en el desenvolupament econòmic local | ||
| 260 | |a Barcelona : |b Diputació de Barcelona, |c 1989 | ||
| 300 | |a 65 p. ; |c 30 cm | ||
| 590 | |a Bibliografia | ||
| 650 | |a Desenvolupament econòmic i administració local |x Reculls d'escrits |9 21922 | ||
| 710 | 1 | |a Barcelona (Catalunya : Província). |b Diputació |9 52408 | |
| 901 | |a Arxiu | ||
| 942 | |n 1 | ||
| 952 | |0 0 |1 0 |4 0 |6 M196 |7 1 |9 41937 |a Arxiu |b Arxiu |d 2016-12-01 |l 0 |o M-1-96 |p 8965 |r 2016-12-01 00:00:00 |w 2016-12-01 |y ARXIU | ||
| 999 | |c 44384 |d 44384 | ||